书目信息 |
| 题名: |
世纪诗星:藏克家传
|
|
| 作者: | 孙晨 著 | |
| 分册: | ||
| 出版信息: | 济南 山东大学出版社 2000.01 |
|
| 页数: | 413页 | |
| 开本: | 32开 | |
| 丛书名: | ||
| 单 册: | ||
| 中图分类: | K825.6 | |
| 科图分类: | ||
| 主题词: | 人物--传记--中国 | |
| 电子资源: | ||
| ISBN: | 7-5607-2118-4 | |
| 000 | 00551nam0 2200193 45 | |
| 001 | 0105100980 | |
| 005 | 20010510095836.4 | |
| 010 | @a7-5607-2118-4@d19.80元 | |
| 100 | @a20010510d2000 km y0chiy0120 ea | |
| 101 | 0 | @achi |
| 105 | @a z 000yy | |
| 200 | 1 | @a世纪诗星:藏克家传@AShi Ji Shi Xing:Cang Ke Jia Chuan@f孙晨著@FSun Chen Zhu |
| 210 | @a济南@c山东大学出版社@d2000.01 | |
| 215 | @a413页@d32开 | |
| 606 | 0 | @a人物@x传记@x中国 |
| 690 | @aK825.6@v3 | |
| 701 | 0 | @a孙晨@4著 |
| 801 | @aCN@bPftUser@c20010510 | |
| 905 | @b341996-998@dK825.6@eS211@f3 | |
| 世纪诗星:藏克家传/孙晨著.-济南:山东大学出版社,2000.01 |
| 413页;32开 |
| ISBN 7-5607-2118-4:19.80元 |
| ● |
| 相关链接 |
|
|
|
正题名:世纪诗星:藏克家传
索取号:K825.6/S211
 
预约/预借
| 序号 | 登录号 | 条形码 | 馆藏地/架位号 | 状态 | 备注 |
| 1 | 341996 | 203419960 | 社科库309/309社科库 52排3列4层/ [索取号:K825.6/S211] | 在馆 | |
| 2 | 341997 | 203419979 | 社科库309/309社科库 52排3列4层/ [索取号:K825.6/S211] | 在馆 | |
| 3 | 341998 | 203419988 | 社科库309/309社科库 52排3列4层/ [索取号:K825.6/S211] | 在馆 |